|
|
|
|
| LEADER |
02640nam a2200337 i 4500 |
| 001 |
GR-MES1110 |
| 003 |
GR-PaULI |
| 005 |
20241025133656.0 |
| 008 |
991111m19801983gr g 000 0 gre d |
| 040 |
|
|
|a GrPaTEI
|b gre
|c GR-PaULI
|e AACR2
|
| 041 |
1 |
|
|a gre
|h eng
|
| 082 |
0 |
4 |
|a 658
|2 23
|
| 100 |
1 |
|
|a Koontz, Harold
|d 1908-
|9 55
|e συγγραφέας.
|
| 245 |
1 |
0 |
|a Οργάνωση και διοίκηση :
|b μια συστημική και ενδεχομενική ανάλυση των διοικητικών λειτουργιών /
|c Harold Koontz, Cyril O'Donnell ; μετάφραση Χρ. Βαρδάκος ; επιμέλεια Σπ. Ζευγαρίδης.
|
| 260 |
|
|
|a [Αθήνα] :
|b Παπαζήσης,
|c 1980-1983.
|
| 300 |
|
|
|a 3 τ. ;
|c 24 εκ.
|
| 500 |
|
|
|a τ. 1. - 398 σ. - 1980 -- τ. 2. - 389 σ. - 1980 -- τ. 3. - 392 σ. - 1983.
|
| 504 |
|
|
|a Περιλαμβάνει βιβλιογραφικές παραπομπές.
|
| 650 |
|
4 |
|a Διοίκηση και οργάνωση
|9 53
|
| 700 |
1 |
|
|a O'Donnell, Cyril,
|d 1900-1976
|9 206521
|e συγγραφέας.
|
| 700 |
1 |
|
|a Βαρδάκος, Χρήστος Δ.
|9 12613
|e μεταφραστής.
|
| 700 |
1 |
|
|a Ζευγαρίδης, Σπύρος
|9 9952
|e επιμελητής.
|
| 942 |
|
|
|2 ddc
|c BK
|
| 952 |
|
|
|0 0
|1 0
|2 ddc
|3 τ. 1
|4 0
|6 658_000000000000000_KOO
|7 0
|9 264999
|a MSLG
|b MSLG
|c BSC
|d 2021-01-17
|e 24
|f 0
|g 0.00
|i 5174
|l 0
|o 658 KOO
|p 2420000005174
|r 2021-01-17 00:00:00
|t 1
|w 2021-01-17
|y BK15
|z ανατύπωση 1984
|x 19991111 0 1
|x GrPaTEI
|
| 952 |
|
|
|0 0
|1 0
|2 ddc
|3 τ. 1
|4 0
|6 658_000000000000000_KOO
|7 0
|9 265000
|a MSLG
|b MSLG
|c BSC
|d 2021-01-17
|e 24
|f 0
|g 0.00
|i 6540
|l 0
|o 658 KOO
|p 2420000006540
|r 2021-01-17 00:00:00
|t 2
|w 2021-01-17
|y BK15
|z ανατύπωση 1984
|x 19991111 0 1
|x GrPaTEI
|
| 952 |
|
|
|0 0
|1 0
|2 ddc
|3 τ. 2
|4 0
|6 658_000000000000000_KOO
|7 0
|9 265048
|a MSLG
|b MSLG
|c BSC
|d 2021-01-17
|e 24
|f 0
|g 0.00
|i 6541
|l 0
|o 658 KOO
|p 2420000006541
|r 2021-01-17 00:00:00
|t 1
|w 2021-01-17
|y BK15
|x 19991111 0 1
|x GrPaTEI
|
| 952 |
|
|
|0 0
|1 0
|2 ddc
|3 τ. 2
|4 0
|6 658_000000000000000_KOO
|7 0
|9 265049
|a MSLG
|b MSLG
|c BSC
|d 2021-01-17
|e 24
|f 0
|g 0.00
|i 6543
|l 0
|o 658 KOO
|p 2420000006543
|r 2021-01-17 00:00:00
|t 2
|w 2021-01-17
|y BK15
|x 19991111 0 1
|x GrPaTEI
|
| 952 |
|
|
|0 0
|1 0
|2 ddc
|3 τ. 3
|4 0
|6 658_000000000000000_KOO
|7 0
|9 265053
|a MSLG
|b MSLG
|c BSC
|d 2021-01-17
|e 24
|f 0
|g 0.00
|i 6539
|l 0
|o 658 KOO
|p 2420000006539
|r 2021-01-17 00:00:00
|t 1
|w 2021-01-17
|y BK15
|x 19991111 0 1
|x GrPaTEI
|
| 952 |
|
|
|0 0
|1 0
|2 ddc
|3 τ. 3
|4 0
|6 658_000000000000000_KOO
|7 0
|9 265054
|a MSLG
|b MSLG
|c BSC
|d 2021-01-17
|e 24
|f 0
|g 0.00
|i 6802
|l 0
|o 658 KOO
|p 2420000006802
|r 2021-01-17 00:00:00
|t 2
|w 2021-01-17
|y BK15
|x 19991111 0 1
|x GrPaTEI
|
| 998 |
|
|
|c ΑΔΑΜΟΠΟΥΛΟΥ
|d 2024-10
|
| 999 |
|
|
|c 152387
|d 152387
|